[Event "Graz op A"]
[Site "Graz"]
[Date "2001.09.01"]
[Round "1.1"]
[White "Eingorn, Vereslav"]
[Black "Wieser, Andreas"]
[Result "1-0"]
[WhiteElo "2598"]
[BlackElo "2156"]
[PlyCount "75"]


1. d4 d5 2. c4 c6 3. Nf3 Nf6 4. e3 e6 5. Bd3 Bd6 6. b3 O-O 7. O-O Nbd7 8. Bb2
b6 9. Nc3 Bb7 10. Qe2 Rc8 11. Rad1 Re8 12. e4 dxe4 13. Nxe4 Nxe4 14. Bxe4 Nf6
15. Bb1 Qe7 16. Ne5 Ba3 17. Ba1 Red8 18. Qc2 Kf8 19. Rfe1 Bd6 20. Re3 h6 21.
Rde1 Qc7 22. h3 c5 23. d5 exd5 24. cxd5 Bxd5 25. Ng4 Nxg4 26. Bxg7+ Kxg7 27.
Qh7+ Kf6 28. hxg4 Bh2+ 29. Kf1 Bf4 30. Rh3 Be6 31. Rf3 Rh8 32. Qe4 Kg5 33. g3
33... Kf6 { } 34. Qe3 Rcd8 35. Rxf4+ Kg7 36. Qc3+ Kg8 37. Qf6 Qd6 38. Rxe6 1-0

[Event "Graz op A"]
[Site "Graz"]
[Date "2001.09.01"]
[Round "1.2"]
[White "Holzbauer, Johann"]
[Black "Burmakin, Vladimir"]
[Result "0-1"]
[WhiteElo "2152"]
[BlackElo "2593"]
[PlyCount "64"]


1. c3 d5 2. d4 Nf6 3. Bf4 e6 4. e3 Be7 5. Bd3 Nbd7 6. Nd2 c5 7. Ngf3 Qb6 8. Rb1
O-O 9. O-O Bd6 10. Ne5 Qc7 11. Nxd7 Bxd7 12. Bxd6 Qxd6 13. f4 a6 14. Rf3 Rfc8
15. Rh3 cxd4 16. cxd4 Bb5 17. Bxb5 axb5 18. Qb3 Qa6 19. a3 Qa4 20. Rf3 Rc2 21.
Qd3 Rac8 22. Rff1 g6 23. h3 b6 24. f5 exf5 25. g4 Ne4 26. Nf3 fxg4 27. hxg4
R8c7 28. b3 Qa5 29. Ra1 { } 29... Qc3 30. Rad1 Qxd3 31. Rxd3 Re2 32. Re1 Ra2
0-1

[Event "Graz op A"]
[Site "Graz"]
[Date "2001.09.01"]
[Round "1.3"]
[White "Epishin, Vladimir"]
[Black "Neubauer, Anton"]
[Result "1-0"]
[WhiteElo "2583"]
[BlackElo "2148"]
[PlyCount "77"]


1. d4 d5 2. c4 e6 3. Nc3 Nf6 4. cxd5 exd5 5. Bg5 Be7 6. e3 Nbd7 7. Nf3 h6 8.
Bf4 c6 9. h3 Qb6 10. Rb1 O-O 11. Bd3 Re8 12. O-O Bf8 13. Qc2 Qd8 14. b4 b6 15.
Rfd1 Bb7 16. a4 Rc8 17. a5 b5 18. Nd2 Nb8 19. Bf5 Na6 20. Bxc8 Qxc8 21. Ne2 Qe6
22. Re1 Nh5 23. Bh2 f5 24. Nf3 Nf6 25. Ne5 Ne4 26. f3 Nd6 27. Nc1 Nc4 28. Qc3
Qe7 29. Ncd3 Qg5 30. Bf4 Qd8 31. Ng6 Bd6 32. Bxd6 Qxd6 33. Nge5 Bc8 34. e4 fxe4
35. fxe4 Nc7 36. exd5 36... Nxd5 { } 37. Nxc4 Rxe1+ 38. Rxe1 bxc4 39. Qxc4 1-0

[Event "Graz op A"]
[Site "Graz"]
[Date "2001.09.01"]
[Round "1.4"]
[White "Zoister, Stefan"]
[Black "Babula, Vlastimil"]
[Result "1/2-1/2"]
[WhiteElo "2147"]
[BlackElo "2566"]
[PlyCount "87"]


1. e4 c5 2. Nf3 Nc6 3. d4 cxd4 4. Nxd4 Nf6 5. Nc3 e5 6. Ndb5 d6 7. Bg5 a6 8.
Na3 b5 9. Nd5 Be7 10. Bxf6 Bxf6 11. c3 Bb7 12. Nc2 Nb8 13. a4 bxa4 14. Rxa4 Nd7
15. Bc4 O-O 16. Qe2 a5 17. O-O Bg5 18. b3 Kh8 19. Rfa1 Nc5 20. R4a3 g6 21. b4
axb4 22. Rxa8 Bxa8 23. cxb4 Ne6 24. Qd3 f5 25. exf5 gxf5 26. Ra7 Bh6 27. Qa3
Ng5 28. Qa4 Nf3+ 29. gxf3 Qg5+ 30. Kf1 30... Qc1+ { } 31. Ke2 Bxd5 32. Bxd5
Qd2+ 33. Kf1 Qxd5 34. Qa6 Bd2 35. Ke2 Bf4 36. Qd3 Qxd3+ 37. Kxd3 Bxh2 38. Ne3
e4+ 39. fxe4 fxe4+ 40. Kxe4 Rf4+ 41. Kd3 Rxb4 42. Nd5 Rh4 43. Rd7 Be5 44. f4
1/2-1/2

[Event "Graz op A"]
[Site "Graz"]
[Date "2001.09.01"]
[Round "1.5"]
[White "Pavasovic, Dusko"]
[Black "Havlicek, Josef"]
[Result "1-0"]
[WhiteElo "2539"]
[BlackElo "2144"]
[PlyCount "50"]


1. e4 e6 2. d4 d5 3. Nd2 Nf6 4. e5 Nfd7 5. Bd3 c5 6. c3 Nc6 7. Ngf3 Be7 8. O-O
O-O 9. Re1 f5 10. exf6 Nxf6 11. Nf1 cxd4 12. cxd4 Bb4 13. Bd2 Bd6 14. Ng3 Bd7
15. Bc3 15... Ng4 { } 16. Qc2 Nf6 17. Ng5 h6 18. Nxe6 Bxe6 19. Rxe6 Rc8 20. Qe2
Qd7 21. Nf5 Bb8 22. Re7 Nxe7 23. Nxe7+ Kh8 24. Bf5 Qc7 25. Ng6+ Kg8 1-0

[Event "Graz op A"]
[Site "Graz"]
[Date "2001.09.01"]
[Round "1.6"]
[White "Winiwarter, Felix"]
[Black "Zelcic, Robert"]
[Result "0-1"]
[WhiteElo "2141"]
[BlackElo "2534"]
[PlyCount "54"]


1. e4 c5 2. Nf3 Nc6 3. d4 cxd4 4. Nxd4 Nf6 5. Nc3 e5 6. Ndb5 d6 7. Nd5 Nxd5 8.
exd5 Ne7 9. c4 Ng6 10. Bd3 Be7 11. O-O a6 12. Nc3 f5 13. f3 O-O 14. Be3 Bg5 15.
Bf2 Bh4 16. g3 Bf6 17. Qc2 { } 17... e4 18. fxe4 f4 19. gxf4 Nxf4 20. Bg3 Be5
21. Qd2 Qg5 22. Kh1 Bh3 23. Rf2 Rf6 24. Rg1 Nxd3 25. Qxd3 Rxf2 26. Bxf2 Qh5 27.
Qe2 Bg4 0-1

[Event "Graz op A"]
[Site "Graz"]
[Date "2001.09.01"]
[Round "1.7"]
[White "Stanec, Nikolaus"]
[Black "Ferrari, Josef"]
[Result "1-0"]
[WhiteElo "2530"]
[BlackElo "2141"]
[PlyCount "29"]


1. d4 d5 2. c4 e6 3. Nc3 c5 4. e3 Nc6 5. Nf3 Nf6 6. a3 b6 7. dxc5 bxc5 8. cxd5
8... exd5 { } 9. Bb5 Qd6 10. e4 d4 11. e5 Qe6 12. O-O dxc3 13. exf6 Qxf6 14.
Re1+ Be7 15. Bg5 1-0

[Event "Graz op A"]
[Site "Graz"]
[Date "2001.09.01"]
[Round "1.8"]
[White "Kainrath, Florian"]
[Black "Galdunts, Sergey"]
[Result "0-1"]
[WhiteElo "2128"]
[BlackElo "2514"]
[PlyCount "80"]


1. e4 d6 2. d4 Nf6 3. Nc3 Nbd7 4. f4 e5 5. fxe5 dxe5 6. dxe5 Nxe5 7. Qxd8+ Kxd8
8. Bf4 Bd6 9. O-O-O Bd7 10. Nf3 Nd3+ 11. Bxd3 Bxf4+ 12. Kb1 Ng4 13. g3 Bd6 14.
e5 { } 14... Nxe5 15. Nxe5 Bxe5 16. Bf5 Bd6 17. Bxd7 Kxd7 18. Ne4 Rhe8 19. Nxd6
cxd6 20. Rd3 Rac8 21. Rhd1 Rc6 22. R3d2 f5 23. c3 Re5 24. Rf1 Ke6 25. Kc1 b5
26. Kd1 Rc4 27. Rf3 g5 28. Rdf2 h5 29. Kd2 h4 30. b3 Rce4 31. Kd3 g4 32. Rf4
hxg3 33. hxg3 Re3+ 34. Kd2 Rxg3 35. Rh2 Rd5+ 36. Kc2 Rdd3 37. Rh6+ Ke5 38. Rb4
Rxc3+ 39. Kb2 Rc5 40. Rh5 a5 0-1

[Event "Graz op A"]
[Site "Graz"]
[Date "2001.09.01"]
[Round "1.9"]
[White "Farago, Ivan"]
[Black "Senoner, Erich Jun"]
[Result "1-0"]
[WhiteElo "2504"]
[BlackElo "2128"]
[PlyCount "167"]


1. d4 Nf6 2. c4 e5 3. dxe5 Ng4 4. Nf3 Bc5 5. e3 Nc6 6. Nc3 Ngxe5 7. Be2 O-O 8.
O-O d6 9. Na4 Bb6 10. b3 Bd7 11. Bb2 Qe7 12. Nxe5 12... Nxe5 { } 13. c5 Bxa4
14. cxb6 Bc6 15. bxc7 Qxc7 16. Qd4 f6 17. Rfd1 Rfd8 18. Rac1 Qf7 19. Qf4 Qg6
20. Qg3 Qxg3 21. hxg3 Kf7 22. f4 Ng6 23. Ba3 d5 24. Bh5 Kg8 25. Rd2 f5 26. Rcd1
Rd7 27. g4 Nxf4 28. exf4 g6 29. gxf5 gxh5 30. Bb2 Kf7 31. Rd3 Rg8 32. Bd4 Rg4
33. Rf3 Rd8 34. Rd2 Re8 35. Be5 Reg8 36. Rff2 h4 37. Kh2 a6 38. f6 d4 39. Bxd4
h3 40. Kxh3 R4g6 41. Kh2 Re8 42. Be5 Rh6+ 43. Kg1 Rg8 44. Bb2 Re8 45. Rfe2 Rg6
46. Re5 Rxe5 47. fxe5 Rg4 48. Ba3 a5 49. Bd6 a4 50. b4 Rc4 51. Rd3 Rg4 52. g3
Rc4 53. Rd2 Rc1+ 54. Kf2 Rc3 55. Rd4 Rf3+ 56. Ke2 Ra3 57. Rh4 Bb5+ 58. Kd2
Rxa2+ 59. Kc3 Ra3+ 60. Kb2 Rb3+ 61. Ka2 Bd3 62. Rg4 Bg6 63. Rc4 Ke6 64. Rc7
Rxg3 65. f7 Bxf7 66. Re7+ Kd5 67. Rxf7 Rg2+ 68. Ka3 b5 69. Rxh7 Rg3+ 70. Kb2
Rg2+ 71. Kc3 Rg3+ 72. Kc2 Rg2+ 73. Kd3 Rg3+ 74. Ke2 a3 75. Ra7 Rh3 76. Kf2 Rc3
77. Ra5 Rc2+ 78. Ke3 Rh2 79. Rxb5+ Kc4 80. Ra5 Kb3 81. b5 Rh3+ 82. Kf2 a2 83.
b6 Kc4 84. b7 1-0

[Event "Graz op A"]
[Site "Graz"]
[Date "2001.09.01"]
[Round "1.10"]
[White "Vodep, Otto"]
[Black "Teske, Henrik"]
[Result "0-1"]
[WhiteElo "2121"]
[BlackElo "2486"]
[PlyCount "74"]


1. d4 Nf6 2. Nf3 c5 3. e3 d5 4. b3 Bg4 5. Bd3 Nc6 6. Bb2 e6 7. Nbd2 Bd6 8. dxc5
Bxc5 9. h3 Bh5 10. Qe2 O-O 11. g4 Bg6 12. a3 Rc8 13. Nd4 Qe7 14. N2f3 Bxd3 15.
cxd3 Nxd4 16. exd4 Bd6 17. O-O Nd7 18. Ne5 Rc7 19. b4 Rfc8 20. Rac1 a5 21. bxa5
Nxe5 22. dxe5 Bxa3 23. Rxc7 Rxc7 24. Bd4 Qb4 25. Qe3 Rc2 26. Bb6 Qb3 27. Bd4 h6
28. f4 Qa2 29. Qf3 Rc1 30. f5 Rxf1+ 31. Qxf1 Bb2 32. Bxb2 Qxb2 33. fxe6 fxe6
34. Qf2 Qxe5 35. Qb6 Qg3+ 36. Kf1 Qxd3+ 37. Kg2 Qc2+ 0-1

[Event "Graz op A"]
[Site "Graz"]
[Date "2001.09.01"]
[Round "1.11"]
[White "Polak, Tomas"]
[Black "Halser, Walter"]
[Result "1-0"]
[WhiteElo "2481"]
[BlackElo "2119"]
[PlyCount "68"]


1. d4 Nf6 2. Nf3 e6 3. c4 b6 4. g3 Bb7 5. Bg2 d5 6. Ne5 Bb4+ 7. Bd2 Bxd2+ 8.
Qxd2 O-O 9. Nc3 c6 10. O-O Nfd7 11. f4 Nxe5 12. fxe5 Nd7 13. cxd5 cxd5 14. Nb5
f6 15. Bh3 f5 16. Rac1 Qe7 17. Rf3 a5 { } 18. Nd6 18... Ba6 19. Rfc3 Ra7 20.
Rc7 Rfa8 21. a3 Rxc7 22. Rxc7 Qd8 23. Rc6 a4 24. Kf2 h6 25. Bg2 Kh7 26. h4 b5
27. e3 Nb8 28. Rc3 Nd7 29. Qc2 Nb6 30. Rc6 Nc4 31. Nxc4 bxc4 32. Rxe6 Bc8 33.
Rd6 Qc7 34. Rxd5 Rb8 1-0

[Event "Graz op A"]
[Site "Graz"]
[Date "2001.09.01"]
[Round "1.12"]
[White "Hatzl, Stefan"]
[Black "Konopka, Michal"]
[Result "0-1"]
[WhiteElo "2119"]
[BlackElo "2479"]
[PlyCount "40"]


1. e4 Nf6 2. e5 Nd5 3. Nc3 Nxc3 4. bxc3 d5 5. Nf3 c5 6. d4 Nc6 7. Be2 Bg4 8.
Be3 Qa5 9. Qd2 e6 10. h3 Bxf3 11. Bxf3 { } 11... cxd4 12. Bxd4 Bc5 13. Bxc5
Qxc5 14. O-O Nxe5 15. Be2 O-O 16. Rab1 b6 17. Rb5 Qc7 18. f4 Nc4 19. Qd4 Nd6
20. Rbb1 Rfc8 0-1

[Event "Graz op A"]
[Site "Graz"]
[Date "2001.09.01"]
[Round "1.13"]
[White "Rogulj, Branko"]
[Black "Jahrer, Michael"]
[Result "1-0"]
[WhiteElo "2460"]
[BlackElo "2113"]
[PlyCount "57"]


1. e4 c5 2. Nc3 Nc6 3. g3 g6 4. Bg2 Bg7 5. d3 e6 6. Be3 d6 7. f4 Nge7 8. Nf3
Rb8 9. O-O b5 10. d4 b4 11. Ne2 cxd4 12. Nexd4 O-O 13. Qd2 Na5 14. b3 Ba6 15.
Rfd1 d5 16. e5 16... Nac6 { } 17. a3 Qc8 18. axb4 Nxb4 19. Ra4 Nec6 20. Rda1
Bb5 21. Nxb5 Rxb5 22. c3 d4 23. Bxd4 Rd8 24. cxb4 Rbd5 25. b5 Nxd4 26. Nxd4
Rxd4 27. Rxd4 Qc5 28. Rd1 f6 29. Kh1 1-0

[Event "Graz op A"]
[Site "Graz"]
[Date "2001.09.01"]
[Round "1.14"]
[White "Peisser, Manfred"]
[Black "Krivoshey, Sergei"]
[Result "0-1"]
[WhiteElo "2113"]
[BlackElo "2449"]
[PlyCount "94"]


1. d4 Nf6 2. Nf3 d5 3. Bg5 e6 4. Nbd2 c5 5. e3 Qb6 6. Rb1 Nc6 7. c3 Be7 8. Bd3
h6 9. Bh4 Bd7 10. O-O Rc8 11. Qe2 a6 12. Ne5 cxd4 13. exd4 Nxe5 14. dxe5 Ng8
15. Bxe7 Nxe7 16. Qg4 O-O 17. Nf3 Bb5 18. Bxb5 Qxb5 19. Qd4 Rc4 20. Qd2 Rfc8
21. Nd4 Qa5 22. a3 Nc6 23. Nxc6 R8xc6 24. Qd3 Re4 25. Rfe1 Rcc4 26. Qd2 { }
26... Qc7 27. Rxe4 Rxe4 28. Re1 Qxe5 29. Rxe4 Qxe4 30. f3 Qc4 31. Kf2 Qc5+ 32.
Kf1 e5 33. g3 e4 34. fxe4 dxe4 35. Kg2 Qf5 36. Qe3 h5 37. h4 b5 38. b3 Qd5 39.
b4 g6 40. Kh3 Qe6+ 41. Kg2 Qa2+ 42. Kf1 Qxa3 43. g4 hxg4 44. h5 Qa1+ 45. Kg2
Qd1 46. Qg5 Qf3+ 47. Kg1 Qg3+ 0-1

[Event "Graz op A"]
[Site "Graz"]
[Date "2001.09.01"]
[Round "1.17"]
[White "Teuschler, Hugo"]
[Black "Tratar, Marko"]
[Result "0-1"]
[WhiteElo "2108"]
[BlackElo "2416"]
[PlyCount "68"]


1. e4 c5 2. Nf3 d6 3. d4 cxd4 4. Nxd4 Nf6 5. Nc3 a6 6. Bg5 e6 7. f4 b5 8. a3
Nbd7 9. Qf3 Bb7 10. Qh3 Be7 11. Bd3 Rc8 12. Nde2 Qb6 13. Bh4 Nc5 14. Bf2 Qc7
15. Qe3 Ng4 16. Qg3 Nxf2 17. Qxf2 O-O 18. O-O Rfd8 19. Qg3 d5 20. e5 d4 21. Nd1
Nxd3 22. cxd3 Qb6 23. f5 exf5 24. Rxf5 Qe6 25. Rf2 Rc5 26. Nf4 Qxe5 27. Re2 Qf6
28. Qf2 Rf5 29. g3 Bd6 30. Qe1 { } 30... Re5 31. Rxe5 Bxe5 32. Ng2 Qf3 33. Qf2
Rc8 34. Qxf3 Bxf3 0-1

[Event "Graz op A"]
[Site "Graz"]
[Date "2001.09.01"]
[Round "1.18"]
[White "Bogdanov, Valentin"]
[Black "Wagner, Stephan"]
[Result "1-0"]
[WhiteElo "2384"]
[BlackElo "2100"]
[PlyCount "89"]


1. d4 d5 2. c4 e6 3. Nc3 f5 4. Nf3 Nf6 5. Bg5 c6 6. e3 Bd6 7. Bd3 O-O 8. Ne5
Qe8 9. Bxf6 gxf6 10. Nf3 Kh8 11. Qc2 dxc4 12. Bxc4 e5 13. O-O-O Be6 14. dxe5
fxe5 15. Rxd6 Bxc4 16. Rhd1 Na6 17. b3 Nb4 18. Qb2 18... Bd5 { } 19. Nxd5 Nxd5
20. Nxe5 Kg8 21. Nd7 Qe7 22. R6xd5 cxd5 23. Nxf8 Rc8+ 24. Kb1 Qe4+ 25. Ka1 Rxf8
26. g3 Qf3 27. Qd2 Rd8 28. Rc1 Rd7 29. Rc2 Qh1+ 30. Kb2 Qxh2 31. Qc3 Kf7 32.
Qc8 Ke7 33. Qc5+ Kf7 34. Qxa7 Qh6 35. Qd4 Qe6 36. a4 Qe4 37. Qh8 Kg6 38. Rd2
Kh5 39. Qf6 Re7 40. Rd4 Qe5 41. Qxe5 Rxe5 42. Kc3 Re4 43. Rxe4 dxe4 44. Kd2 Kg4
45. Ke2 1-0

[Event "Graz op A"]
[Site "Graz"]
[Date "2001.09.01"]
[Round "1.20"]
[White "Wittmann, Walter"]
[Black "Schrey, Stefan"]
[Result "1/2-1/2"]
[WhiteElo "2352"]
[BlackElo "2096"]
[PlyCount "66"]


1. e4 c6 2. d4 d5 3. Nd2 dxe4 4. Nxe4 Bf5 5. Ng3 Bg6 6. h4 h6 7. Nf3 Nd7 8. h5
Bh7 9. Bd3 Bxd3 10. Qxd3 Ngf6 11. Bf4 Qa5+ 12. Bd2 Qc7 13. O-O-O e6 14. Ne4
O-O-O 15. g3 Nc5 16. Nxc5 Bxc5 17. Qe2 17... Bxd4 { } 18. Bf4 e5 19. Bxe5 Bxe5
20. Nxe5 Rxd1+ 21. Rxd1 Rd8 22. Rxd8+ Qxd8 23. c4 Qe7 24. f4 Kc7 25. Qf3 Qc5
26. Kc2 Nd7 27. Kb3 Nxe5 28. fxe5 Qxe5 29. Qxf7+ Kb6 30. Qf2+ c5 31. Qf3 Qd4
32. Qe2 Kc7 33. Qe7+ Kc6 1/2-1/2

[Event "Graz op A"]
[Site "Graz"]
[Date "2001.09.01"]
[Round "1.21"]
[White "Fruehauf, Norbert"]
[Black "Niklasch, Oliver"]
[Result "1/2-1/2"]
[WhiteElo "2095"]
[BlackElo "2349"]
[PlyCount "81"]


1. e4 c5 2. c3 Nf6 3. e5 Nd5 4. d4 cxd4 5. Qxd4 e6 6. Nf3 Nc6 7. Qe4 b6 8. g3
Bb7 9. Bg2 Qb8 10. O-O Nde7 11. Bf4 Ng6 12. Nd4 Nxd4 13. Qxd4 Bc5 14. Qa4 Bxg2
15. Kxg2 Qb7+ 16. f3 O-O 17. Nd2 f6 18. Rae1 fxe5 19. Bxe5 Rf5 20. Bd4 b5 21.
Qb3 Bxd4 22. cxd4 Rd5 23. Re4 Rc8 24. Rd1 Qc6 25. Kf2 a5 26. Ke2 Ne7 27. Nf1
Rf8 28. Ne3 Rh5 29. h4 Kh8 30. Rd2 Qd6 31. f4 Nc6 32. d5 exd5 33. Nxd5 Qg6 34.
Qe3 Rhf5 35. Ne7 Nxe7 36. Rxe7 d5 37. Kf2 h6 38. Re5 Rxe5 39. Qxe5 { } 39...
Re8 40. Qxd5 Qb1 41. Kg2 1/2-1/2

[Event "Graz op A"]
[Site "Graz"]
[Date "2001.09.01"]
[Round "1.22"]
[White "Titz, Heimo"]
[Black "Spirk, Stefan"]
[Result "0-1"]
[WhiteElo "2282"]
[BlackElo "2080"]
[PlyCount "140"]


1. c4 Nf6 2. Nc3 d5 3. cxd5 Nxd5 4. g3 c5 5. Bg2 Nc7 6. Qb3 Nc6 7. Bxc6+ bxc6
8. Qa4 Qd7 9. Nf3 f6 10. d3 e5 11. Be3 Nd5 12. O-O Be7 13. Rac1 Nxe3 14. fxe3
O-O 15. Qc4+ Qe6 16. Qxe6+ Bxe6 17. b3 c4 18. bxc4 Bc5 19. Kf2 Rab8 20. Rb1 Bb4
21. Rb3 Bxc3 22. Rxc3 Rb2 23. Ra1 Rfb8 24. Rb3 e4 25. Rxb8+ Rxb8 26. Nd4 Bd7
27. Nb3 Bf5 28. Nd4 Bd7 29. Rc1 Rb2 30. Rc2 Rxc2 31. Nxc2 Bf5 32. d4 Be6 33. c5
a5 34. a3 g5 35. h4 Kg7 36. Kg2 Kg6 37. d5 Bxd5 38. Nd4 Kf7 39. Kh3 Be6+ 40.
Kg2 Bd5 41. h5 Ke7 42. Kf2 Kd7 43. Ke1 Bf7 44. h6 Bd5 45. Kd2 Ke7 46. Kc3 g4
47. Nf5+ Ke6 48. Nh4 Ke5 49. Ng6+ Kf5 50. Nf8 Bg8 51. Kd4 a4 52. Kc3 Kg5 53.
Kd4 Kxh6 54. Kxe4 Kg5 55. Kd4 h5 56. e4 h4 57. gxh4+ Kxh4 58. Ng6+ Kg5 59. Ne7
Kf4 60. Ng6+ Kg3 61. Ke3 Kh2 62. Nf4 g3 63. Kf3 { } 63... Be6 64. e3 Bh3 65.
Ne2 g2 66. Kf4 Be6 67. e5 fxe5+ 68. Kxe5 Bc4 69. Nd4 Kh1 70. Nf3 Be2 0-1

[Event "Graz op A"]
[Site "Graz"]
[Date "2001.09.01"]
[Round "1.24"]
[White "Fauland, Peter"]
[Black "Valent, Peter"]
[Result "1-0"]
[WhiteElo "2270"]
[BlackElo "2058"]
[PlyCount "111"]


1. f4 d5 2. b3 Bf5 3. Ba3 Nf6 4. Nf3 Nbd7 5. h3 Be4 6. Ne5 Nxe5 7. fxe5 Nd7 8.
d3 Bg6 9. e6 fxe6 10. e3 Nf6 11. g4 d4 12. Qf3 c6 13. Nd2 dxe3 14. Qxe3 Qd5 15.
Rg1 Qa5 16. Bb2 Nd5 17. Qe5 Qc5 18. Rg3 Qd6 19. O-O-O Qxe5 20. Bxe5 Nb6 21. Nc4
Nd7 22. Bd4 e5 23. Nxe5 Nxe5 24. Bxe5 Kd7 25. Re3 e6 26. Rde1 Rg8 27. Bd4 c5
28. Bc3 Re8 29. Bg2 Be7 30. Kb2 Bg5 31. Re5 Bh4 32. Rd1 b6 33. d4 Bf6 34. dxc5+
Kc7 { } 35. c6 35... Re7 36. Re2 Bxc3+ 37. Kxc3 Rd8 38. Rxd8 Kxd8 39. Kd4 Kc7
40. Ke5 Be8 41. Re3 Bg6 42. Rc3 Rf7 43. Bf3 Re7 44. b4 Re8 45. b5 Bf7 46. Rd3
Re7 47. Ra3 Kd8 48. Be4 g6 49. Kf6 Bg8 50. Rd3+ Ke8 51. Ke5 Rc7 52. g5 Ke7 53.
Bf3 Bf7 54. Bg4 a6 55. c4 axb5 56. cxb5 1-0

[Event "Graz op A"]
[Site "Graz"]
[Date "2001.09.01"]
[Round "1.25"]
[White "Rodriguez, Jean-Pierre"]
[Black "Deutsch, Ludwig"]
[Result "1/2-1/2"]
[WhiteElo "2055"]
[BlackElo "2266"]
[PlyCount "115"]


1. d4 c5 2. c3 e6 3. Nf3 d5 4. e3 Nf6 5. Nbd2 Nc6 6. Bd3 a6 7. a4 Bd6 8. O-O e5
9. dxe5 Nxe5 10. Nxe5 Bxe5 11. Nf3 Bc7 12. Qc2 h6 13. b4 c4 14. Be2 O-O 15. Rd1
Qe7 16. Ba3 b5 17. Ra2 Bd7 18. Rda1 Qe4 19. axb5 axb5 20. Qc1 Qe7 21. Nd4 Ne4
22. Bb2 Rxa2 23. Rxa2 f5 24. g3 Bb6 25. Qd1 Kh7 26. Bf3 Qe5 27. Ra6 Rf6 28. Bg2
Qc7 29. Ra3 Qe5 30. Nf3 Qd6 31. Nd4 Rf8 32. Ra6 Re8 33. Qc2 g6 34. Qd1 h5 35.
h3 Kh6 36. Qf3 Kg7 37. Qd1 Qb8 38. Ne2 Bc6 39. Nd4 Qb7 40. Ra3 Bd7 41. Ne2 Re5
42. Nd4 Be8 43. Qa1 Re7 44. Ra8 Qc7 45. Qa6 Bxd4 46. exd4 Nxg3 47. fxg3 Qxg3
48. Ra7 Bd7 49. Rxd7 Rxd7 50. Qe6 Qd6 51. Qxd6 Rxd6 52. Bc1 Kf6 53. Kf2 Ke6 54.
Bd2 Ra6 55. Ke2 Ra2 56. h4 Ra1 57. Bf1 Ra2 58. Ke1 1/2-1/2

[Event "Graz op A"]
[Site "Graz"]
[Date "2001.09.01"]
[Round "1.26"]
[White "Pesorda, Ivan"]
[Black "Huber, Adolf"]
[Result "1-0"]
[WhiteElo "2248"]
[BlackElo "2050"]
[PlyCount "24"]


1. d4 d5 2. c4 e6 3. Nc3 Nf6 4. Bg5 Nbd7 5. e3 Be7 6. Rc1 a6 7. Nf3 dxc4 8.
Bxc4 b5 9. Bd3 c5 10. O-O Bb7 11. Bxf6 Bxf6 12. Ne4 12... Qb6 { } 1-0

[Event "Graz op A"]
[Site "Graz"]
[Date "2001.09.01"]
[Round "1.27"]
[White "Kainz, Josef"]
[Black "Stuhlik, Marko"]
[Result "1/2-1/2"]
[WhiteElo "2044"]
[BlackElo "2246"]
[PlyCount "119"]


1. d4 g6 2. c4 Bg7 3. Nc3 d6 4. e4 Nf6 5. f3 O-O 6. Be3 e5 7. Nge2 exd4 8. Nxd4
c6 9. Qd2 d5 10. Bd3 c5 11. cxd5 cxd4 12. Bxd4 Nh5 13. Bxg7 Kxg7 14. O-O-O Qc7
15. Kb1 a6 16. Rc1 Nd7 17. g4 Nf4 { } 18. Ne2 18... Qd6 19. Qxf4 Ne5 20. h4 f6
21. h5 g5 22. h6+ Kh8 23. Qe3 Bd7 24. Nd4 a5 25. Be2 a4 26. Rc3 Ra5 27. Nf5
Bxf5 28. gxf5 Qb4 29. a3 Qd6 30. Rhc1 Nf7 31. Rc8 Ra8 32. Rxf8+ Rxf8 33. Qc5
Qxc5 34. Rxc5 Nxh6 35. Ra5 Nf7 36. Rxa4 h5 37. Rd4 h4 38. Rd1 Kg7 39. f4 gxf4
40. Rf1 h3 41. Rxf4 Rh8 42. Bf3 Ne5 43. Bh1 Kf7 44. Ka2 Ke7 45. a4 Kd6 46. Ka3
Kc5 47. Rf2 Rg8 48. b4+ Kd4 49. a5 Rg1 50. Rh2 Nc4+ 51. Ka4 Rg3 52. Kb5 Ra3 53.
Rc2 Nd6+ 54. Kb6 Rb3 55. Kc7 Ke5 56. Rh2 Rc3+ 57. Kd7 Nb5 58. Ke7 Rc7+ 59. Kf8
Rc3 60. Kg7 1/2-1/2

[Event "Graz op A"]
[Site "Graz"]
[Date "2001.09.01"]
[Round "1.28"]
[White "Zimmermann, Paul"]
[Black "Spiesberger, Gerhard"]
[Result "1/2-1/2"]
[WhiteElo "2241"]
[BlackElo "2042"]
[PlyCount "115"]


1. d4 e6 2. e4 c5 3. d5 d6 4. c4 Nf6 5. Nc3 Be7 6. Be2 Nbd7 7. f4 O-O 8. Nf3 e5
9. fxe5 Nxe5 10. Nxe5 dxe5 11. O-O Ne8 12. Be3 b6 13. Qd2 Nd6 14. b3 f5 15.
exf5 Bxf5 16. a4 a5 17. Rae1 Qd7 18. Bh5 Bg4 19. Bxg4 Rxf1+ 20. Rxf1 Qxg4 21.
h3 Qg6 22. Qe2 Ne4 23. Nxe4 Qxe4 24. Qf3 Qg6 25. Qf5 Qd6 26. Qe4 Rf8 27. Rxf8+
Bxf8 28. Qf5 Qf6 29. Qg4 Be7 30. Bf2 Bd6 31. Bh4 Qf8 32. Qe6+ Kh8 33. Bg3 Qb8
34. Kf2 h6 35. Kg1 Qc7 36. Bh4 Kh7 37. Bf2 Qd8 38. Qf5+ Kg8 39. g4 Qf6 40. Qxf6
gxf6 41. Kg2 h5 42. Kf3 hxg4+ 43. hxg4 Kf7 44. Ke4 Bf8 45. Kf5 Bd6 46. g5 fxg5
47. Kxg5 Ke7 48. Kf5 Kd7 49. Bg3 Be7 50. Bxe5 Bh4 51. Bb8 Kc8 52. Bf4 Kd7 53.
Ke5 Bf2 54. d6 Bd4+ 55. Kd5 Bf2 56. Be5 Be3 57. Bg3 Bd4 58. Be1 { } 1/2-1/2

[Event "Graz op A"]
[Site "Graz"]
[Date "2001.09.01"]
[Round "1.30"]
[White "Karner, Christoph"]
[Black "Berger, Stefan"]
[Result "1-0"]
[WhiteElo "2240"]
[BlackElo "2003"]
[PlyCount "51"]


1. d4 d5 2. c4 e6 3. Nc3 Nf6 4. cxd5 exd5 5. Bg5 Be7 6. e3 c6 7. Bd3 Nbd7 8.
Nge2 O-O 9. Qc2 h6 10. Bf4 Re8 11. O-O-O Nf8 12. h3 Be6 13. g4 Rc8 14. Kb1 c5
15. dxc5 Rxc5 16. Nd4 a6 17. f3 b5 18. Qg2 Qa5 19. Nb3 Qb4 20. Nxc5 Bxc5 21. g5
hxg5 22. Bxg5 Nh5 23. Rhg1 Rc8 24. Bc2 d4 25. Bf6 dxc3 { } 26. Qxg7+ 1-0

[Event "Graz op A"]
[Site "Graz"]
[Date "2001.09.02"]
[Round "2.1"]
[White "Tratar, Marko"]
[Black "Eingorn, Vereslav"]
[Result "1/2-1/2"]
[WhiteElo "2416"]
[BlackElo "2598"]
[PlyCount "61"]


1. d4 Nf6 2. Nf3 e6 3. c4 Bb4+ 4. Bd2 a5 5. g3 d5 6. Qc2 c5 7. a3 Bxd2+ 8.
Nbxd2 cxd4 9. cxd5 { } 9... O-O 10. dxe6 Bxe6 11. Bg2 Nc6 12. O-O Re8 13. b4
axb4 14. axb4 Qd6 15. Qc5 Qxc5 16. bxc5 h6 17. Rxa8 Rxa8 18. Rb1 Ra5 19. Rxb7
Rxc5 20. Ne1 Ne5 21. Rb8+ Kh7 22. Rb4 Rc1 23. Rb1 Rxb1 24. Nxb1 Bc4 25. Nc2 d3
26. exd3 Bxd3 27. Nba3 g5 28. Ne3 g4 29. h3 h5 30. hxg4 hxg4 31. Nac2 1/2-1/2

[Event "Graz op A"]
[Site "Graz"]
[Date "2001.09.02"]
[Round "2.2"]
[White "Burmakin, Vladimir"]
[Black "Bogdanov, Valentin"]
[Result "1/2-1/2"]
[WhiteElo "2593"]
[BlackElo "2384"]
[PlyCount "87"]


1. d4 Nf6 2. Nf3 e6 3. c4 d5 4. g3 Bb4+ 5. Bd2 Bxd2+ 6. Nbxd2 O-O 7. Bg2 Nbd7
8. O-O c6 9. Qc2 b6 10. e4 dxe4 { } 11. Ne5 11... Qc7 12. Nxe4 Nxe5 13. dxe5
Qxe5 14. Rad1 Qc7 15. Nxf6+ gxf6 16. Qe4 f5 17. Qxc6 Qxc6 18. Bxc6 Rb8 19. f4
Bb7 20. Bd7 Rfd8 21. Rd4 Kf8 22. Rfd1 Bf3 23. R1d2 Rb7 24. Kf2 Be4 25. Ke3 Ke7
26. Bb5 Rxd4 27. Kxd4 Rc7 28. b4 Rc8 29. Kc3 Bc6 30. Bxc6 Rxc6 31. a4 f6 32. b5
Rd6 33. Ra2 Rd1 34. a5 Kd6 35. axb6 axb6 36. Ra7 Rc1+ 37. Kd3 e5 38. fxe5+ fxe5
39. Rxh7 e4+ 40. Kd4 Rd1+ 41. Ke3 Rd3+ 42. Ke2 Rb3 43. Rh6+ Kc5 44. Rc6+
1/2-1/2

[Event "Graz op A"]
[Site "Graz"]
[Date "2001.09.02"]
[Round "2.3"]
[White "Fauland, Peter"]
[Black "Epishin, Vladimir"]
[Result "0-1"]
[WhiteElo "2270"]
[BlackElo "2583"]
[PlyCount "64"]


1. d4 Nf6 2. Nf3 g6 3. g3 c5 4. c3 Qa5 5. Nbd2 cxd4 6. cxd4 Bg7 7. Bg2 O-O 8.
O-O d6 9. a3 Qh5 10. Re1 Bh3 11. Bh1 Nbd7 12. Nf1 h6 13. e4 e5 14. d5 Nc5 15.
N3d2 Qxd1 16. Rxd1 Rfc8 17. Ne3 b5 18. f3 h5 19. Ndf1 Nb3 20. Rb1 Bh6 21. Bg2
Bd7 22. Bd2 h4 23. gxh4 Nxd2 24. Rxd2 a5 25. Re2 Rab8 26. h3 b4 27. axb4 Rxb4
28. Ng4 Kg7 29. Nfe3 Nxg4 30. Nxg4 Bf4 31. Kf2 Rcb8 32. Ne3 32... Ba4 {
Rest unleserlich!} 0-1